| 000 | 02538nam0a2200433 4500 | ||
|---|---|---|---|
| 001 | RU\NLR\bibl\869586 | ||
| 005 | 20250614161601.0 | ||
| 010 |
_a5-691-01355-6 _93000 |
||
| 021 |
_aRU _b2005-43496 _92148 |
||
| 035 | _a(nilc)RSL-KNO-002685186 | ||
| 035 | _a(NLR Aleph) 000858214 | ||
| 090 |
_a1523188 _c1523188 |
||
| 100 | _a20050704d2005 |||y0rusy50 ca | ||
| 101 | 0 | _arus | |
| 102 | _aRU | ||
| 105 | _aa ||||||||| | ||
| 106 | _ar | ||
| 200 | 1 |
_aСодержание и методика социальной работы _eучеб. пособие для студентов, обучающихся по направлению и спец. "Социал. работа" _fЕ.А. Сигида, Н.И. Бабкин, К.В. Беззубик, И.Е. Лукьянова _gпод ред. Е.А. Сигиды |
|
| 210 |
_aМ. _cВладос _d2005 _eПетрозаводск _gГП Тип. им. П.Ф. Анохина |
||
| 215 |
_a345,[1] с. _cил. _d22 |
||
| 225 | 1 |
_aУчебное пособие для вузов _iСоциальная работа |
|
| 300 | _aВ содерж. авт.: д.м.н., проф. Е.А. Сигида, к.м.н. И.Е. Лукьянова, д.п.н., проф. Н.И. Бабкин, д.м.н. К.В. Беззубик | ||
| 320 | _aБиблиогр.: с. 337-344 (120 назв.) | ||
| 606 | 1 |
_aСоциальная работа _jУчебные издания для высших учебных заведений _yРоссийская Федерация _92111835 _3RU\NLR\auth\661276235 |
|
| 610 | 0 | _aСоциология -- Общественная инженерия. Прикладная социология (социотехника) -- Методы, методика, техника и процедуры социологического исследования. Аппарат социологического исследования -- Учебник для высшей школы | |
| 686 |
_aС555.9в6я73-1 _2rubbk |
||
| 686 | _aУ27(2)2я73 | ||
| 686 | _aС550.473я73 | ||
| 701 | 1 |
_aСигида _bЕ. А. _gЕвгений Антонович _4070 |
|
| 701 | 1 |
_aБабкин _bН. И. _gНиколай Илларионович _4070 |
|
| 701 | 1 |
_aБеззубик _bК. В. _gКира Валерьевна _4070 |
|
| 701 | 1 |
_aЛукьянова _bИ. Е. _gИнна Евгеньевна _4070 |
|
| 801 | 0 |
_aRU _bRuMoRKP _c20050704 _grcr |
|
| 801 | 1 |
_aRU _bRuMoRGB _c20050704 |
|
| 801 | 2 |
_aRU _bNLR _c20051110 _grcr |
|
| 830 | _aавт. по кн. | ||
| 942 | _cBOOK | ||
| 980 | _aNB | ||